Statistics for Avril Lavigne

Click here to take the quiz!

General Stats

  • This quiz has been taken 295 times
  • The average score is 8 of 15

Answer Stats

HintAnswer% Correct
He was a skater boy, she said see you later boy, he wasn'tgood enough for her
86%
Hey hey you you I know that you like me, no way no way I know it's nota secret
82%
It's a damn cold night, tryna figure outthis life
65%
When you're gone, the pieces ofmy heart are missing you
63%
You know that I'm a crazy b***ch, I do what I wantwhen I feel like it
63%
She wants to go home, but nobody's home, that's where she liesbroken inside
60%
Keep holding on, cause you know we'llmake it through
58%
Don't leave me hanging, in a city so dead, held up so high onsuch a breakable thread
50%
He wasn't what I wanted what I thought no, he wouldn't evenopen up the door
45%
I don't wanna fall to pieces, I just wannasit and stare at you
41%
You wiped my tears, got rid of all my fears, whydid you have to go
39%
I'm tugging at my hair, I'm pulling at my clothes, I'm tryna keep my coolI know it shows
39%
I like the you the way you are, when we'redriving in the car
24%
Remember when I cried, to you a thousand times, I told you everything,you know my feelings
24%
It's not enough, it's not enough to give mewhat it is I want
20%

Score Distribution

Percentile by Number Answered

Percent of People with Each Score

Your Score History

You have not taken this quiz